| 000 | 00597nam a2200193Ia 4500 | ||
|---|---|---|---|
| 005 | 20260114185718.0 | ||
| 008 | 008 260114s9999 xx 000 0 eng d | ||
| 020 | _a9781350362734 | ||
| 037 | _aEBOOK | ||
| 040 |
_aCRL _beng _cCRL |
||
| 041 |
_aeng _2eng |
||
| 084 | _qCRL | ||
| 100 |
_aAnne Orde _9873465 |
||
| 245 | 4 | _aThe Eclipse of Great Britain The United States and British Imperial Decline, 1895?1956 | |
| 260 |
_bBloomsbury _c1996 |
||
| 856 | _uhttps://doi.org/10.5040/9781350362734?locatt=label:secondary_bloomsburyCollections | ||
| 942 | _cEBOOK | ||
| 999 |
_c1472413 _d1472413 |
||